[Event "DEN-ch"]
[Site "Aarhus"]
[Date "1999.04.03"]
[Round "8"]
[White "Borge, Nikolaj"]
[Black "Mortensen, Erling"]
[Result "0-1"]
[WhiteElo "2466"]
[BlackElo "2424"]
[Annotator "Ribli,Z"]
[PlyCount "124"]
[EventDate "1999.03.??"]
[EventType "tourn"]
[EventRounds "9"]
[EventCountry "DEN"]
[EventCategory "10"]
[SourceTitle "CBM 071"]
[Source "ChessBase"]
[SourceDate "1999.08.01"]
[SourceVersion "1"]
[SourceVersionDate "1999.08.01"]
[SourceQuality "1"]

{[%mdl 10240]} 1. e4 {Hecht} c5 2. Nf3 Nc6 3. d4 cxd4 4. Nxd4 Qc7 5. Nc3 e6 6.
g3 a6 7. Bg2 Bb4 {Ein selten gespielter Zug. Die Alternative 7...Nf6 8.0-0 Bc5
ist die Modevariante. Der Läuferzug stört ein wenig den weißen Damenflügel,
aber der Tausch auf c3 droht in Wirklichkeit nicht, denn Weiß käme mit seinem
Läuferpaar trotz der Doppelbauern zu gutem Spiel. Ribli.} 8. O-O (8. Nxc6 dxc6
(8... Bxc3+ 9. bxc3 dxc6 10. O-O Ne7 11. Be3 O-O 12. Qh5 e5 13. a4 b6 14. f4
Ng6 15. f5 Nh8 16. f6 {1-0 Coleman,P-Behrmann,K/cr Thematic Compuserve 1995 
(16)}) 9. Qd4 Bxc3+ 10. Qxc3 e5 11. a4 a5 12. O-O Nf6 13. f4 {1-0 Tatai,
S-Santos,J/Budva 1981/MCD-r8 (28)}) 8... Nf6 (8... Nge7 9. Nxc6 Nxc6 10. Bf4
Ne5 11. Na4 Be7 12. c4 d6 13. Rc1 Bd7 14. c5 Rd8 15. cxd6 Qxd6 16. Nc5 {
1/2-1/2 Slobodjan,R-Rahman,Z/Calcutta op 1996/EXP 50 (60)}) 9. Na4 $5 $146 {
Weiß spielt gegen Läufer b4 und möchte c2-c4 ziehen. Die Alternative 9.Nce2
mit der eventuellen Idee c2-c4 scheint mir einfacher.} (9. Bg5 Qa5 (9... h6 10.
Bxf6 gxf6 11. a3 Bxc3 12. bxc3 Na5 13. Qf3 Ke7 14. Rfe1 {1-0 Bohosjan,
S-Lebredo,G/Tbilisi 1974/EXT 99 (31)}) 10. Nxc6 bxc6 11. Bd2 Qb6 12. e5 Nd5 13.
Ne4 O-O 14. c4 Nc7 15. Be3 {1-0 Matousek,M-Votava,J/Pardubice op 1992/TD 92\11
(28)}) (9. Nce2 O-O 10. c4 Rd8 11. Nc2 Be7 12. Bf4 d6 13. Rc1 b6 14. Na3 Bb7
15. Nc3 Ne5 16. h3 Rac8 17. Be3 Ned7 18. Qe2 Qb8 {1-0 Van Riemsdijk,H-Kaenel,H/
Luzern olm 1982/BIG 80 (41)}) 9... O-O (9... b5 10. e5 $8 (10. Nxc6 dxc6 $15) (
10. Bf4 e5 11. Nxc6 dxc6 $19 {[%cal Re5f4,Rb5a4]}) 10... Nd5 11. Bxd5 exd5 12.
Nc3 $13) 10. c4 {Der weiße Plan ist klar. Er möchte mit c4-c5 den Läufer b4
einschränken.} b5 (10... Be7 11. c5 $14) 11. a3 {Ein Zwischenzug. Weiß nimmt
nicht den Bauern auf b5, sondern verjagt zuerst den Läufer.} (11. cxb5 $5 {
Dieser Zug führt zu komplitziertem Spiel, aber ich glaube, Weiß sollte so
spielen.} axb5 (11... Nxd4 12. Qxd4 (12. e5 $13) 12... axb5 13. Qxb4 (13. Nb6)
13... bxa4 (13... Rxa4 14. Qxb5 $16) 14. Bg5 $16) 12. Nxb5 Qa5 13. Nbc3 (13.
Nac3 Ba6 14. a4 Bxc3 15. Nxc3 Bxf1 $17) 13... Ba6 14. Re1 $16) 11... Nxd4 (
11... Ba5) 12. e5 $13 {[%csl Ra4,Ra8,Rb4,Rd4,Rf6][%cal Re5f6,Rg2a8] Wieder ein
Zwischenzug! Weiß hat eine Figur weniger, aber er möchte den Turm nehmen.} (12.
Qxd4 e5 $1 {[%csl Rg2] Jetzt wäre der Läufer g2 - Stolz der weißen Stellung -
eingeschlossen.} 13. Qb6 (13. Qe3 Ba5 14. cxb5 axb5 15. Nc3 Bxc3 $11) 13...
Qxc4 14. axb4 bxa4 $13) 12... Qxe5 (12... Bb7 $2 13. Bxb7 Qxb7 14. Qxd4 Be7 (
14... Qe4 15. Qxe4 Nxe4 16. axb4 bxa4 17. Rxa4 $18) 15. exf6 Bxf6 16. Qb6 $18)
13. Bxa8 {Weiß hat eine Qualität mehr und die Figuren Bb4 und Na4 hängen
beiderseitig.} (13. axb4 Ne2+ 14. Kh1 Rb8 15. Re1 bxa4 16. Rxe2 Qh5 $15) 13...
Ba5 (13... Ne2+ $5 14. Kh1 (14. Kg2 $5) 14... Ba5 15. Bd2 Bxd2 16. Qxd2 bxa4
17. Rae1 Nxg3+ 18. fxg3 $14) 14. Be3 $1 Nc6 15. b4 {Wieder ein Zwischenzug!
Nach Komplikationen hat Weiß hat Materialvorteil.} (15. Nb6 Bxb6 16. Bxb6 bxc4
(16... Qb8 {[%cal Rb8a8,Rb8b6]} 17. Bxc6 Qxb6 18. Bg2 bxc4 $15 {[%cal Gd7d5]})
17. Bxc6 dxc6 18. Bd4 $13) 15... bxa4 (15... Bd8 16. cxb5 axb5 17. Nc5 $16) 16.
bxa5 Qxa5 17. Rb1 $14 {[%cal Gb1b8] Schwarz hat zwei Bauern für die Qualität,
aber das weiße Läuferpaar ist stark und der Turm steht ausgezeichnet in der
b-Linie.} Qf5 {Schwarz verteidigt den a4-Bauern nicht mehr, sondern versucht
im Trüeben zu fischen.} (17... Ne4 18. Qc2 $14) 18. f3 {Weiß nimmt dem Nf6 das
Feld e4.} (18. Qxa4 Ne5 {Schwarz hat etwas Gegenspiel am Königsflügel, aber
ich denke, daß das keine vollwertige Kompensartion für das Material ist.})
18... e5 (18... Ne5 19. g4 Qg6 20. Bc5 $14) 19. Qxa4 Qd3 20. Qb3 Qg6 {Schwarz
muß die Damen auf dem Brett behalten.} (20... Qxb3 21. Rxb3 $16) 21. Rbe1 e4
22. Qc3 (22. f4 $5 $16) (22. fxe4 Nxe4 $14 {[%csl Ge4]}) 22... exf3 23. Bc5 {
[%cal Rc5f8]} Ne4 {[%cal Re4c3,Re4c5]} (23... Rd8 24. Qxf3 $16) (23... f2+ 24.
Rxf2 Ne4 {[%cal Re4c3,Re4f2]} 25. Rxe4 Qxe4 26. Bxf8 Kxf8 27. Qc2 $16) 24. Rxe4
Qxe4 25. Bxf8 Kxf8 26. Rxf3 $16 {Schwarz hat nur einen Bauern für die Qualität,
aber die weiße Königsstellung ist ein wenig schwach.  Der schwarze Damenläufer,
der nach 26 Zügen noch immer nicht gezogen hat, steht schlecht.} Qb1+ 27. Rf1
Qb8 28. Qf3 (28. Bxc6 Qb6+ 29. c5 Qxc6 30. Qd4 Bb7 31. Qd6+ $16 {[%cal Rd6c6,
Rd6f8]}) 28... Ne5 29. Qd5 f6 {[%csl Ge5] Schwarz hat einen schönen
Springervorposten auf e5.} 30. c5 {Weiß bereitet Damentausch auf d6 vor.} a5
31. Qd6+ {[%cal Rd6f8,Rd6b8]} Qxd6 32. cxd6 {Nach dem Damentausch ist die
weiße Aufgabe technischer Natur. Bei gutem Spiel sollte er seinen
Materialvorteil verwerten können, aber Schwarz hat dank seines aktiven
Springers auf e5 und des etwas schwachen Bauern d6 Rettungschancen.} Ba6 (32...
Nc4 {[%cal Rc4a3,Rc4d6]} 33. Rf5 Ne5 (33... a4 34. Rf4 $16)) 33. Rb1 {[%csl
Gb1][%cal Gb1b8]} Bc4 $1 {[%csl Gc4] Schwarz verteidigt sich gegen 34.Bd5.} (
33... Nc4 34. Bd5 {[%cal Rb1b8,Rb8f8] Droht Matt auf b8.} Nxd6 35. Rb6 {
[%cal Rb6a6,Rb6d6]} Bc4 36. Rxd6 Ke7 37. Rxd7+ Kxd7 38. Bxc4 $19) 34. Be4 Kf7
35. Rb6 (35. Bxh7 $2 g6 {[%cal Rf7g7,Rg7h7]}) 35... h5 36. Kf2 Ke6 $14 {
In der schwarzen Stellung ist alles gut verteidigt und es ist für Weiß
schwierig, den Materialvorteil zu verwerten.} 37. Bh7 Kf7 (37... Kd5 $14) 38.
Bc2 Ke6 39. Ba4 g5 {Schwarz mobilisiert seine Reserven und möchte soviel
Material wie möglich tauschen.} 40. Bd1 h4 (40... g4 $6 41. Ke3) 41. gxh4 gxh4
42. Bf3 f5 (42... Nxf3 $2 43. Kxf3 $16 {Wenn Weiß den h4-Bauern gewinnen kann,
bieten sich ihm mit dem entfernten Freibauern gute Gewinnchancen.}) 43. h3 f4
$1 44. Be4 Kf6 (44... Nf7 $14) 45. Kg2 Nf7 46. Bf3 Ke5 (46... Ke6 47. Bg4+ Ke5
48. Bxd7 Nxd6 $14) 47. Rb7 Be6 (47... Kxd6 48. Ra7 $14) 48. Rb5+ Kd4 49. Rxa5 {
Endlich hat Weiß den schwarze a-Bauern gewonnen und der weiße Freibauer ist
für Schwarz stets gefährlich.} Nxd6 50. Rh5 Nc4 (50... Nf5 51. Kf2 $16 {
Es droht 52.Bg4, denn dem schwarzen Springer ist das Schach genommen.}) 51.
Rxh4 $16 Ke3 $8 (51... Nxa3 52. Rxf4+ $16) 52. Rh5 (52. a4 Nd2 53. Bb7 f3+ $11)
52... d6 (52... Nxa3 53. Re5+ Kd3 54. Re4 $16 {[%csl Rf4]}) (52... Nd2 $16 53.
Re5+ Kd3 54. h4 {[%csl Ga3,Gh4]}) 53. Rh6 (53. Bb7 $5 Ne5 54. Rh6 Bc4 55. Rxd6
f3+ 56. Kg3 f2 57. Bg2 f1=Q 58. Bxf1 Bxf1 59. a4 $16 {Weiß hat mit den beiden
Freibauern gute Gewinnchancen.}) 53... Bf5 54. Rh8 (54. a4 $5 Nd2 (54... Ne5
55. Bd5 $16) 55. Bd5 f3+ 56. Bxf3 Nxf3 57. Rxd6 $16) 54... Ne5 55. Re8 Bd7 (
55... Bxh3+ 56. Kxh3 Kxf3 $14) 56. Re7 Bxh3+ $8 {Schwarz muß so spielen, sonst
setzt sich der h-Bauer in Bewegung.} 57. Kxh3 Kxf3 {Hecht: '[#] Schwarz
gewinnt mit einem taktischen Witz'} 58. a4 $14 {Schwarz hat Rettungschancen,
denn sein f-Bauer ist auch gefährlich.} Ke2 59. a5 $2 $11 {Es wäre notwendig
gewesen, zuerst den schwarzen f-Bauern zu bremsen.} (59. Rc7 f3 60. Kg3 $14 f2
$6 61. Rc2+ Kd3 62. Rxf2 Kc4) (59. Re6 {Hecht} f3 60. Rxd6 f2 61. Rf6 f1=Q+ $11
(61... Nf3 62. Re6+ Kf1 63. Rf6 Ke2 $11)) 59... f3 $132 {[%csl Re7]
Unglaublich, aber wahr. Der schwarze f-Bauer ist viel gefährlicher als der
Bauer auf a5.} 60. Rc7 $8 {'?' Hecht. Hecht: 'Medaillenverdächtig! Einfacher
war:'} (60. Re8 {Hecht} f2 61. Rf8 Nf3 (61... f1=Q+ 62. Rxf1 Kxf1 63. a6 Nc6 (
63... Nd7 64. a7 Nb6 65. Kg4 Ke2 66. Kf5 d5 67. Ke5 Ke3 68. a8=Q $11) 64. Kg4
d5 65. Kf5 d4 66. Ke4 Ke2 67. a7 $11) 62. Re8+ Kf1 63. Rf8 Ke2 $11) 60... f2
61. Rc2+ Kf3 62. Rc3+ $4 {Ein unglaublicher Fehler! Weiß konnte noch das Remis
erreichen.} (62. Rc1 $8 Nd3 63. Rh1 (63. Rf1 $1 Ke2 64. Rxf2+ (64. Kg2 {Hecht}
Nf4+ $19) 64... Kxf2 (64... Nxf2+ 65. Kh4 $18 {[%csl Rf2][%cal Ra5a6,Ra6a7,
Ra7a8]}) 65. a6 Nf4+ 66. Kg4 Ne6 67. a7 Nc7 68. Kf5 Ke3 69. a8=Q Nxa8 70. Ke6
$11) (63. a6 $2 Nxc1 64. a7 f1=Q+ $19) (63. Rb1 {Hecht} Ne1 64. Rb3+ Kf4 65.
Rb4+ Ke5 66. Rb5+ d5 $19) 63... Nb4 64. Ra1 d5 65. a6 Nxa6 66. Ra3+ Ke2 67.
Ra2+ $11) (62. Rxf2+ $2 Kxf2 63. a6 Nc6 64. Kg4 Ke3 65. Kf5 d5 $19) 62... Nd3
$1 $19 {Nach 63.Rxd3+ gewinnt Schwarz mit ...Ke2 und 63.Rc1 geht nicht wegen
Nxc1. Ein tragisches Ende für Weiß!} (62... Nd3 63. Rxd3+ Ke2 $19 (63... Ke2 {
Hecht} 64. Rxd6 f1=Q+ 65. Kg4 Qf3+ {und der Turm geht sofort verloren})) 0-1

[Event "Julian Borowski 1st"]
[Site "Essen"]
[Date "1999.03.30"]
[Round "4"]
[White "Sutovsky, Emil"]
[Black "Milov, Vadim"]
[Result "1-0"]
[WhiteElo "2612"]
[BlackElo "2633"]
[Annotator "Ribli,Z"]
[PlyCount "77"]
[EventDate "1999.03.??"]
[EventType "tourn"]
[EventRounds "9"]
[EventCountry "GER"]
[EventCategory "14"]
[SourceTitle "CBM 071"]
[Source "ChessBase"]
[SourceDate "1999.08.01"]
[SourceVersion "1"]
[SourceVersionDate "1999.08.01"]
[SourceQuality "1"]

{[%mdl 17408]} 1. e4 c5 2. Nf3 e6 3. Nc3 Nc6 4. d4 cxd4 5. Nxd4 Qc7 6. g3 d6 {
Ein selten gespielter Zug. Schwarz möchte, wenn möglich, den Zug ...a7-a6
sparen und hat keine Angst vor sofortigem 7.Ndb5. Trotzdem glaube ich, daß 6...
a6 sicherer für Schwarz ist und in einigen Varianten kann er ...Bc5 ziehen.
Ribli.} 7. Ndb5 {Dieser Springerzug ist auf den ersten Blick sehr effektiv,
aber in Wirklichkeit nicht besonders gefährlich fuür Schwarz. Jetzt gewinnt
der Springer ein Tempo, das er aber später nach ...a6 wieder hergeben muß.} Qd8
$6 {Eine zweifelhafte Neuerung. Die Dame steht unglücklich in der d-Linie.} (
7... Qb8 8. a4 (8. Bf4 Ne5 9. Be3 (9. Bxe5 dxe5 10. Qd3 Bd7 11. O-O-O Nf6 12.
Nd6+ Bxd6 13. Qxd6 Qxd6 14. Rxd6 Ke7 {[%csl Ge5,Ge6] 1/2-1/2 Borisenko,
A-Terentiev,V/Voronez 1991/CBM 22 ext (14) Schwarz hat mindestens gleiche
Chancen. Seine Bauern auf e6 und e5 kontrollieren alle wichtigen
Zentrumsfelder.}) 9... Nf6 10. f4 Nc6 11. Bg2 Be7 12. Qe2 O-O 13. O-O-O a6 14.
Nd4 {1/2-1/2 Kupreichik,V-Razuvaev,Y/Aaland-Stockholm 1997/EXT 98 (42)}) 8...
Nf6 9. Bg2 Be7 {1/2-1/2 Romero Holmes,A-Franco,Z/Alicante 1989/EXT 97 (9)}) 8.
Bf4 {[%csl Rd6]} Ne5 (8... e5 $2 9. Nd5 {[%cal Rb5c7,Rc7a8,Rc7e8]} exf4 10.
Nbc7+ Kd7 11. Bh3+ $18) 9. Qe2 $1 {Die Widerlegung der schwarzen Idee. Weiß
bereitet die lange Rochde vor und kommt zu starkem Angriff.} a6 (9... Nf6 10.
O-O-O $18 {[%csl Rd6,Rd8,Re5,Re8]}) 10. O-O-O $1 {[%cal Gd1d8] Das ist die
Pointe des weißen Spiels. Er kann den Springer auf b5 hängen lassen.} axb5 (
10... Qb6 11. Be3 Qd8 12. f4 $16) 11. Bxe5 Bd7 (11... b4 12. Nb5 Rxa2 13. Nxd6+
Bxd6 14. Rxd6 $16) 12. Bxd6 Bxd6 13. Rxd6 {[%csl Gd6] Weiß hat den Bauern d6
gewonnen und im folgenden zahlreiche Drohungen in der offenen d-Linie.} b4 14.
Nb1 $5 {Dieser scheinbar bescheidene Springerzug ist wichtig. Weiß verteidigt
seinen König im Falle von ...Rxa2.} (14. Nb5 Rxa2 $132) 14... Qc7 (14... Rxa2
15. Qc4 $36 {[%csl Rb4,Gd6][%cal Rc4b4,Rc4a2]}) 15. Rd4 {[%csl Rb4][%cal Rd4b4]
} Ne7 (15... Rxa2 16. Rxb4) 16. Rxb4 $16 {Weiß hat schon zwei Bauern mehr und
Schwarz kann auf a2 nur einen zurückgewinnen.} Nc6 17. Rc4 Rxa2 18. Qe3 {
Schwarz hat nur wenig Kompensation für den Bauern, denn der weiße König ist
gut verteidigt.} O-O 19. Rc3 {[%cal Gf1c4,Gc4a2] Weiß bereitet die
Läuferentwicklung in der f1-a6-Diagonalen vor. Jetzt wäre die Entwicklung des
Läufers nach g2 weniger stark.} (19. Bg2 $6 e5 $14 {[%csl Rg2]}) 19... Ra5 20.
Na3 {[%csl Ga3] Am Damenflügel ist jetzt alles in Sicherheit.} e5 21. Bb5 {
[%csl Gb5][%cal Gh1d1,Gd1d7]} Qd6 (21... Rfa8 22. Rd1 $16) 22. Qb6 $1 {[%csl
Ra5,Gb6,Rd6][%cal Gb6d6] Die Dame lähmt auf b6 die schwarze Stellung.} (22. Rd1
$6 Nd4 $14) 22... Raa8 (22... Rfa8 23. Rd1 $16) 23. Rd1 Qh6+ (23... Qe7 24.
Qxb7 {[%csl Rd7]} Ra7 25. Qb6 (25. Qxa7 $6 Nxa7 26. Rxd7 {[%cal Rd7a7,Rd7e7]}
Qg5+ $132) 25... Rb8 26. Qc5 $16) 24. Qe3 $5 (24. Kb1 $16) 24... Qe6 (24...
Qxe3+ 25. fxe3 $16 {Der e3-Bauer verteidigt das Schlüsselfeld d4.}) 25. f4 $1 {
Weiß hat klares Übergewicht. er besitzt nciht nur mehr material, sondern auch
die Initiative. Schwarz kann nicht ...Nd4 spielen, denn nach Läufertausch und
folgendem fxe5 verliert er an Halt.} Rfd8 26. Rcd3 Qe7 (26... Nd4 27. Bxd7 Rxd7
28. fxe5 {[%csl Rd4]}) 27. Qb6 $1 {[%csl Gb6] Der bekannte Damenzug (siehe 22.
Zug). Die Dame steht dort ausgezeichnet.} Bg4 28. Rxd8+ Nxd8 (28... Rxd8 29.
Rxd8+ Nxd8 (29... Qxd8 30. Qxd8+ Nxd8 31. fxe5 $16) 30. fxe5 $16) 29. Qd6 Kf8 (
29... Qxd6 30. Rxd6 $16) 30. Qxe7+ Kxe7 31. Rd2 {Der weiße Matreialvorteil muß
sich früher oder später durchsetzen.} f6 (31... exf4 32. gxf4 $16) 32. h3 $5
Bc8 (32... Bxh3 33. Rh2 Bg4 34. Rxh7 $16) 33. c3 {Weiß plant 34.Nc4 und
schafft seinem König ein Feld auf c2.} Nf7 $6 {[%cal Gf7d6,Gd6b5,Gd6e4]} (33...
exf4 34. gxf4 Ne6 $5) 34. Nc4 {[%csl Gc4][%cal Rc4b6,Rb6c8,Rb6a8] Der Springer
steht sehr gut auf c4. Er verhindert das schwarze Gegenspiel mit ...Nd6 und
droht Nb6.} Ra1+ 35. Kc2 Re1 $6 (35... Bxh3 36. Rh2 Bf1 37. Rxh7 $16) 36. f5 $1
{Weiß verteidigt nicht den e-Bauern, sondern hat andere Ideen. Der schwarze
Damenläufer sitzt in der Falle.} Rxe4 37. g4 $18 {[%csl Rc8][%cal Rc4b6,Rb6c8]
Jetzt verliert Schwarz material.} h5 (37... Rxc4 38. Bxc4 Nd6 39. Bd5 $18) 38.
Nb6 {[%cal Rb6c8]} Nd6 39. Nxc8+ {Schwarz gab auf.} (39. Nxc8+ Nxc8 40. Rd7+
Kf8 (40... Ke8 41. Rd4+ {[%cal Rd4e4,Rb5e8]}) 41. Rd8+ $18 {[%cal Rd8f8,Rd8c8]}
) 1-0

[Event "Hoogovens-B"]
[Site "Wijk aan Zee"]
[Date "1999.01.26"]
[Round "7"]
[White "Nijboer, Friso"]
[Black "Brodsky, Michail"]
[Result "1-0"]
[WhiteElo "2534"]
[BlackElo "2530"]
[Annotator "Ribli,Z"]
[PlyCount "75"]
[EventDate "1999.01.19"]
[EventType "tourn"]
[EventRounds "11"]
[EventCountry "NED"]
[EventCategory "11"]
[SourceTitle "CBM 069"]
[Source "ChessBase"]
[SourceDate "1999.04.01"]
[SourceVersion "1"]
[SourceVersionDate "1999.04.01"]
[SourceQuality "1"]

1. e4 c5 2. Nf3 Nc6 3. d4 cxd4 4. Nxd4 e6 5. Nc3 {Nijboer ist ein
Angriffsspieler. Daher vermeidet er lieber die positionelle Variante mit 5.Nb5.
Ribli.} Qc7 6. f4 Nxd4 {Das ist die beste Zugfolge für Schwarz. Nach 6...a6
kann Weiß mit 7.Nxc6 fortsetzen und er bekommt die Initiative oder 7.Be2
spielen, wonach Schwarz mit 7...Nxd4 zur Partievariante übergehen kann.} 7.
Qxd4 a6 8. Be3 b5 {Weiß hat Entwicklungsvorsprung, aber Schwarz hat seine
Gegenchancen, denn er steht aktiv am Damenflügel und die scheinbar aktive Dame
auf d4 steht in Wirklichkeit nicht gut.} 9. Be2 Bb7 10. O-O {Weiß riskiert
nichts, sondern wählt die ruhige Fortsetzung. Nach diesem Zug erwartet uns ein
positioneller Kampf.} (10. O-O-O Rc8 11. Rd2 Nf6 $13) 10... Rc8 11. Rac1 $5
$146 {[#]Eine prophylaktische Fortsetzung. Der Bauer auf c2 hat jetzt keine
Probleme, aber in Zukunft wäre er eine Schwäche. Ich glaube, dieser Zug bietet
Weiß keinen Eröffnungsvorteil.} (11. Bf3 h5 12. Rad1 Nf6 13. h3 h4 14. Rf2 (14.
e5 Nh5 15. Bxh5 Rxh5 16. Rf2 Bc5 17. Qd3 Bxe3 18. Qxe3 Qc5 19. Qd3 Rc7 20. Ne4
Bxe4 21. Qxe4 Rf5 22. Rd3 Qa7 23. Rd4 g5 {1/2-1/2 Martin Gonzalez,A-De la Riva
Aguado,O/Spanish Teams, Salamanca ESP 1998 (51)}) 14... Bc5 15. Qd3 Bxe3 16.
Qxe3 b4 $11 {1/2-1/2 Dvoirys,S-Tregubov,P/ch-RUS, St Petersburg RUS 1998 (45)})
(11. Rad1 Nf6 12. Bf3 Be7 13. e5 Bxf3 14. gxf3 Nh5 15. Ne4 f5 16. Nd6+ Bxd6 17.
Qxd6 Qxd6 18. Rxd6 Rxc2 19. Rxa6 O-O {1/2-1/2 Nisipeanu,L-Yegiazarian,A/
Bucharest 1998/CBM 64_06 (47)}) 11... Nf6 (11... Bc5 $5 12. Qxc5 (12. Qxg7
Bxe3+ 13. Kh1 Bxc1 14. Rxc1 b4 (14... Qxf4 15. Rf1 $13) 15. Qxh8 Qxf4 $17)
12... Qxc5 13. Bxc5 Rxc5 $11) 12. Bf3 h5 {Das ist eine typische Methode für
Schwarz, sein Gegenspiel zu organisieren. Es droht 13...Ng4.} (12... Bc5 13.
Qxc5 Qxc5 14. Bxc5 Rxc5 15. e5 Bxf3 (15... Nd5 16. Ne4 $16 {[%csl Re8][%cal
Re4d6,Re4c5,Rd6b7]}) 16. Rxf3 Nd5 17. Nxd5 (17. Ne4 $6 Rc6 $11) 17... Rxd5 (
17... exd5 18. Ra3 Rc6 19. Rd3 $14) 18. Ra3 Ke7 19. Rxa6 Rc8 $14) 13. h3 h4 {
[%csl Yg3][%cal Gf6h5,Gh5g3] Schwarz bereitet das Springermanöver ...Nh5-g3
vor.} 14. e5 Nh5 (14... Bxf3 $2 15. exf6 $18 {[%csl Rf3][%cal Rf6g7]}) 15. Bxb7
Qxb7 16. Qe4 (16. Ne4 Rc4 17. Nd6+ Bxd6 18. Qxd6 Ng3 19. Rfe1 Nf5 $15 {[%csl
Gf5] Schwarz hat starke Kontrolle über die weißen Felder.}) 16... Qc6 $11 (
16... Qxe4 17. Nxe4 Rc4 18. Nd2 {Zugumstellung}) (16... Rc6 $5) 17. Qxc6 Rxc6
18. Ne4 Rc4 19. Nd2 Rc6 {Gewöhnlich ist Damentausch in der Sizilianischen
Verteidigung vorteilhaft für Schwarz. In unserer Stellung hat Schwarz keine
Probleme. Der Springer kann via g3 das Feld f5 besetzen und der Turm steht gut
auf c6. Schwarz hat ferner starke Kontrolle über die weißen Felder.} (19... Ra4
$5 20. a3 Ng3 {[%cal Rg3e2,Re2g1,Re2c1,Rg3f1]} 21. Rfe1 d5 $15) 20. Kf2 (20. c4
$2 Ng3 21. Rfe1 Bb4 $15) 20... d5 {Schwarz befreit sich von seiner Schwäche in
der d-Linie.} 21. exd6 Bxd6 {[%csl Rf4]} 22. Kf3 Ng3 {[%cal Gg3f5,Rg3f1]} 23.
Rfd1 e5 $6 {Dieser Zug gefällt mir nicht. Es wäre logischer, zuerst die Türme
zu verbinden. Nach der Partiefortsetzung bekommt Weiß Chancen.} (23... Ke7 $5 {
[%cal Gh8c8]} 24. Bf2 Nf5) 24. c4 $5 $13 exf4 25. Bf2 (25. Bxf4 $2 Bxf4 26.
Re1+ (26. Kxf4 Ne2+ {[%cal Re2c1,Re2f4]}) 26... Re6 27. Kxf4 Ne2+ $17 {[%cal
Re2f4,Re2c1]}) 25... bxc4 26. Rxc4 Kd7 (26... Rxc4 27. Nxc4 Bc7 28. Bc5 $44)
27. Rd4 {[%csl Rd7]} Kc8 (27... Nf5 28. Rd5 Ne7 $11) 28. Rc4 Kd7 (28... Rxc4
29. Nxc4 Bc7 30. Nd6+ Bxd6 31. Rxd6 $14 {[%csl Gd6]}) 29. b4 {Weiß ist mit
Zugwiederholung nicht zufrieden.} Rhc8 {Der Textzug erscheint mir nicht
logisch, denn Weiß spielt 30.Bc5, wonach beide Türme passiv auf der c-Linie
stehen.} (29... Re8 $5 $13) 30. Bc5 Ke6 $6 (30... Bxc5 $5 31. Ne4+ Bd6 32. Nxd6
Rxc4 (32... Rxd6 $2 33. Rxd6+ $18) 33. Nxc4+ Ke6 $11) 31. Nb3 {[%cal Rb3d4,
Rd4e6,Rd4c6]} Nf5 $8 {Der Springerzug verteidigt den Laufer auf d6 und
verhindert 32.Nd4+.} (31... Be5) 32. Na5 {[%cal Ra5c6]} R6c7 33. Re4+ Be5 (
33... Kd7 $2 34. Re5 g6 35. Rxf5 $18) 34. Nc4 {[%csl Re5]} f6 35. Rde1 Rxc5 $2
$138 {Schwarz opfert in Panik die Qualität.} (35... Ng3 36. Rxf4 g5 37. Rd4 $14
) 36. bxc5 Rxc5 37. Rxf4 g5 38. Nxe5 {[%mdl 40] Schwarz gab in schwieriger
Stellung etwas früh auf. Weiß hat natürlich gute Gewinnchancen, aber
Widerstand wäre noch möglich.} (38. Nxe5 fxe5 (38... gxf4 39. Nd3+ Re5 40. Nxe5
fxe5 41. Rb1 $18) 39. Ra4 $16) 1-0